| Registos Bibliográficos associados ao registo de autoridade |
|
Etiqueta de registo: 00000nkm 2200025 450 001 2278343 003 http://id.bnportugal.gov.pt/bib/catbnp/2278343 100 ## $a20260309d1987 m y0pory01030103ba 101 0# $apor 102 ## $aPT 200 1# $a12.º Aniversário da Nacionalização dos Cimentos, 1975-1987, cimentar o futuro$bVisual gráfico]$fCimpor, Secil 210 #9 $a[S.l.]$cCimpor$cSecil,$d1987 215 ## $a1 cartaz$ccolor.$d28x20 cm 317 ## $aColeção Madeira Luís 710 02 $aAniversário da Nacionalização dos Cimentos,$d12,$f1987$31990078 712 02 $aSecil$4557$3340699 712 02 $aCimpor$4557$3200172 801 #0 $aPT$bBN$gRPC 966 ## $lBN$mICONOG$sCT. 6323 P.$x3 971 ## $cCaticonografia7$d20260309 972 ## $d20260314$e1$v fpinelo$z0 995 ## $aPRR2026
|
|
|